Обретение Родины: общество и власть в Среднем Поволжье (вторая половина XVI - начало XX в.). Ч. 1: Очерки истории (Запись № 12572668)

Подробности
000 -МАРКЕР
контрольное поле 01919nam2a2200277 4500
001 - ИДЕНТИФИКАТОР ЗАПИСИ
контрольное поле RU\NLR\BIBL_A\012597803
005 - ИДЕНТИФИКАТОР ВЕРСИИ
контрольное поле 20250624081938.0
010 ## - МЕЖДУНАРОДНЫЙ СТАНДАРТНЫЙ НОМЕР КНИГИ (ISBN)
Номер (ISBN) 978-5-86465-586-3
Тираж 300
035 ## - ДРУГИЕ СИСТЕМНЫЕ НОМЕРА
Идентификатор записи (NLR Aleph) 012597803
100 ## - ДАННЫЕ ОБЩЕЙ ОБРАБОТКИ
Данные общей обработки 20210917d2013 |||y0rusy50 ca
101 0# - ЯЗЫК РЕСУРСА
Язык текста, звукозаписи и т.д. русский
102 ## - СТРАНА ПУБЛИКАЦИИ ИЛИ ПРОИЗВОДСТВА
Страна публикации Российская Федерация
105 ## - ПОЛЕ КОДИРОВАННЫХ ДАННЫХ: ТЕКСТОВЫЕ МАТЕРИАЛЫ, МОНОГРАФИЧЕСКИЕ
Кодированные данные о монографическом текстовом документе y z 000zy
200 1# - ЗАГЛАВИЕ И СВЕДЕНИЯ ОБ ОТВЕТСТВЕННОСТИ
Основное заглавие Очерки истории
210 ## - ПУБЛИКАЦИЯ, РАСПРОСТРАНЕНИЕ И ДР.
Дата издания, распространения и т.д. 2013
Место издания, распространения и т.д. Б. м.
215 ## - ФИЗИЧЕСКАЯ ХАРАКТЕРИСТИКА
Специфическое обозначение материала и объем 358, [1] с.
320 ## - ПРИМЕЧАНИЯ О НАЛИЧИИ В ДОКУМЕНТЕ БИБЛИОГРАФИИ / УКАЗАТЕЛЯ
Текст примечания Библиогр. в подстроч. примеч.
461 #0 - УРОВЕНЬ НАБОРА
Встроенное поле 001RU\NLR\BIBL_A\012599077
-- 2001#$aОбретение Родины: общество и власть в Среднем Поволжье (вторая половина XVI - начало XX в.)$eмонография$fП.С. Кабытов, Э.Л. Дубман, О.Б. Леонтьева [и др.]$gпод редакцией П.С. Кабытова [и др.]$gМинистерство образования и науки Российской Федерации, Федеральное государственное бюджетное образовательное учреждение профессионального образования "Самарский государственный университет"$vЧ. 1
Системный номер (АБИС) связанной записи 12576421
Место публикации Самара
Дата публикации 2013
Первые сведения об ответственности П.С. Кабытов, Э.Л. Дубман, О.Б. Леонтьева [и др.]
Имя издателя, распространителя и т.д. Самарский университет
Сведения, относящиеся к заглавию монография
Заглавие Обретение Родины: общество и власть в Среднем Поволжье (вторая половина XVI - начало XX в.)
Номер тома Ч. 1
606 1# - НАИМЕНОВАНИЕ ТЕМЫ КАК ПРЕДМЕТ
Наименование темы Органы местного самоуправления
Тематический подзаголовок История
Географический подзаголовок Поволжье Среднее
Системный номер авторитетной/нормативной записи 2098692
Идентификатор авторитетной/нормативной записи RU\NLR\AUTH\661573056
686 1# - ИНДЕКСЫ ДРУГИХ КЛАССИФИКАЦИЙ
Индекс Х2(2)5-523
942 ## - ДОПОЛНИТЕЛЬНЫЕ ЭЛЕМЕНТЫ ЗАПИСИ (АБИС)
Тип экземпляра АБИС Книга
980 ## - КОЛЛЕКЦИЯ
Название коллекции Национальная библиография
Экземпляры
Тип экземпляра Дата поступления Источник поступления Стоимость Библиотека постоянного хранения Библиотека текущего хранения Место хранения Шифр хранения Штрих-код Статус экземпляра
Книга 17.09.2021 Дар 50.00 РНБ (Московский) РНБ (Московский) Русский книжный фонд: издания с 1957 года 2021-5/7602 1-3422180